000 00850nam a22002297a 4500
999 _c6465
_d6465
003 AR-CdUCM
008 190315b ||||| |||| 00| 0 spa d
020 _a978-1-4031-4662-5
040 _aMUNICIPALIDAD PROVINCIAL DEL CUSCO
_cBIBLIOTECA MUNICIPAL DEL CUSCO
041 _heng
082 _a080 /
_bH85
100 _aHubbard, Ronal L.
_918228
245 _aAutoanálisis /
260 _aCalifornia :
_bBridge publications,
_c2007.
300 _a375 paginas ;
_bIlustraciones,
_c24.5 cm.
505 _aSobre llegar a conocernos a nosotros mismos -- Sobre las leyes de la supervivencia -- Sobre la muerte de la consciencia -- Sobre nuestros esfuerzos para lograr la inmortalidad ...
650 _aMuerte de la consciencia
_918318
650 _aComportamiento
_918319
650 _aEvaluación humana
_918320
942 _2ddc
_cLIBROS
945 _aacv